000 00806nam a22002297a 4500
999 _c2518
_d2518
003 AR-CdUCM
008 190304b ||||| |||| 00| 0 spa d
040 _aMUNICIPALIDAD PROVINCIAL DEL CUSCO
_cBIBLIOTECA MUNICIPAL DEL CUSCO
082 _a869.33 /
_bS31
100 _aFridman Schapira, Flor
_98940
245 _aMemorias de la Víspera /
260 _aBuenos Aires :
_bEditorial Losada,
_c1955.
300 _a111 Páginas ;
_bDedicatoria, Ilustraciones,
_c21 cm.
505 _aContenido: Trasmundo -- Letanía -- Los Insomnes -- Sueño de la Sangre -- Alucinaciones de la Joven Virgen -- Amor -- Nosotros...
650 _aPoesía Argentina
_91657
650 _aDespedida
_91108
650 _aTrasmundo
_98941
650 _aMadre
_95235
650 _aVida
_9884
942 _2ddc
_cLIBROS
945 _adavv